ΔΙΟΙΚΗΣΗ ΚΑΙ ΔΙΑΧΕΙΡΙΣΗ ΕΡΓΩΝ: ΜΕΘΟΔΟΙ ΚΑΙ ΤΕΧΝΙΚΕΣ (Record no. 6721)
[ view plain ]
| 000 -LEADER | |
|---|---|
| fixed length control field | 01206cam a22002174a 4500 |
| 005 - ΗΜΕΡΟΜΗΝΙΑ ΚΑΙ ΩΡΑ ΤΕΛΕΥΤΑΙΑΣ ΕΝΗΜΕΡΩΣΗΣ | |
| Πεδίο ελέγχου | 20250605163543.0 |
| 008 - FIXED-LENGTH DATA ELEMENTS--GENERAL INFORMATION | |
| Πεδίο ελέγχου σταθερού μήκους | 250528s ||||||||||||||||||||||||d |
| 035 ## - SYSTEM CONTROL NUMBER | |
| System control number | 21660 |
| 020 ## - ISBN | |
| ISBN | 9789602187326 |
| 040 ## - ΠΗΓΗ ΚΑΤΑΛΟΓΟΓΡΑΦΗΣΗΣ | |
| Φορέας πρωτότυπης καταλογογράφησης | MC Athens Campus Library |
| Γλώσσα καταλογογράφησης | Ελληνικά, Μοντέρνα (1453-) |
| Modifying agency | MC Athens Campus Library |
| Κανόνες περιγραφικής καταλογογράφησης | AACR2 |
| 245 1# - ΤΙΤΛΟΣ ΚΑΙ ΔΗΛΩΣΗ ΥΠΕΥΘΥΝΟΤΗΤΑΣ | |
| Τίτλος | ΔΙΟΙΚΗΣΗ ΚΑΙ ΔΙΑΧΕΙΡΙΣΗ ΕΡΓΩΝ: ΜΕΘΟΔΟΙ ΚΑΙ ΤΕΧΝΙΚΕΣ |
| 250 ## - EDITION STATEMENT | |
| Edition statement | 2 |
| 260 ## - PUBLICATION, DISTRIBUTION, ETC. | |
| Name of publisher, distributor, etc. | Κριτική, |
| Date of publication, distribution, etc. | 2011 |
| 300 ## - PHYSICAL DESCRIPTION | |
| Extent | 615 |
| 505 0# - FORMATTED CONTENTS NOTE | |
| Formatted contents note | ΑΝΑΛΥΣΗ ΒΑΣΙΚΩΝ ΕΝΝΟΙΩΝ ΓΙΑ ΤΑ ΕΡΓΑ ΕΙΣΑΓΩΓΗ ΣΤΗ ΔΙΟΙΚΗΣΗ ΕΡΓΩΝ ΗΓΕΣΙΑ ΚΑΙ ΚΑΘΟΔΗΓΗΣΗ ΣΤΙΣ ΕΠΙΧΕΙΡΗΣΕΙΣ ΚΑΙ ΤΑ ΕΡΓΑ ΑΠΟΔΟΣΗ, ΥΠΟΚΙΝΗΣΗ, ΚΙΝΗΤΡΑ ΚΑΙ ΑΜΟΙΒΕΣ ΤΩΝ ΕΡΓΑΖΟΜΕΝΩΝ |
| 520 ## - SUMMARY, ETC. | |
| Summary, etc. | ΑΝΑΛΥΣΗ ΒΑΣΙΚΩΝ ΕΝΝΟΙΩΝ ΓΙΑ ΤΑ ΕΡΓΑ ΕΙΣΑΓΩΓΗ ΣΤΗ ΔΙΟΙΚΗΣΗ ΕΡΓΩΝ ΗΓΕΣΙΑ ΚΑΙ ΚΑΘΟΔΗΓΗΣΗ ΣΤΙΣ ΕΠΙΧΕΙΡΗΣΕΙΣ ΚΑΙ ΤΑ ΕΡΓΑ ΑΠΟΔΟΣΗ, ΥΠΟΚΙΝΗΣΗ, ΚΙΝΗΤΡΑ ΚΑΙ ΑΜΟΙΒΕΣ ΤΩΝ ΕΡΓΑΖΟΜΕΝΩΝ |
| 700 1# - ΠΡΟΣΘΕΤΗ ΑΝΑΓΡΑΦΗ--ΦΥΣΙΚΟ ΠΡΟΣΩΠΟ | |
| Personal name | Πολυζος Σεραφειμ |
| 942 ## - ADDED ENTRY ELEMENTS (KOHA) | |
| Koha item type | Books |
| Τύπος τεκμηρίου | Βιβλιοθήκη | Τρέχουσα τοποθεσία | Barcode | Αριθμός εισαγωγής | Ημερομηνία απόκτησης | Ταξιθετικό σύμβολο | Αριθμός αντιτύπου | Κατάσταση απόσυρσης | Κατάσταση χαμένου | Κατάσταση κατεστραμμένου | Μη δανεισμός | Σύνολο δανεισμών | Ημερομηνία τελευταίας εμφάνισης | Η τιμή ισχύει από |
|---|---|---|---|---|---|---|---|---|---|---|---|---|---|---|
| Books | MC Thessaloniki Campus Library | MC Thessaloniki Campus Library | 9780000067203 | 1693 | 05/06/2025 | 658.404 ΠΟΛ | 1 | 05/06/2025 | 05/06/2025 |